| 000 | 00498nmm a2200169Ia 4500 | ||
|---|---|---|---|
| 008 | 251105s9999||||xx |||||||||||||||||und|| | ||
| 020 | _a9781558853652 | ||
| 041 | _aeng | ||
| 100 | _aPantoja, Antonia | ||
| 245 | 0 | _aMemoir of a visionary : Antonia Pantoja | |
| 264 |
_a[Washington, Estados Unidos] : _bArte Público Press, _c2002 |
||
| 300 | _a218 páginas | ||
| 490 | _aHispanic Civil Rights | ||
| 650 | _aBiography | ||
| 856 | _uhttps://public.digitaliapublishing.com/a/23252 | ||
| 942 | _cCF | ||
| 999 |
_c74740 _d74740 |
||